Every Seattle Seahawks Starting Quarterback - Statistics

General Stats
  • This quiz has been taken 53 times
    28 since last reset
  • The average score is 47 of 84
Answer Stats
Year Games Answer % Correct
2021 3 Geno Smith
100%
2022 17 Geno Smith
100%
2023 15 Geno Smith
100%
2012 16 Russell Wilson
100%
2013 16 Russell Wilson
100%
2014 16 Russell Wilson
100%
2015 16 Russell Wilson
100%
2016 16 Russell Wilson
100%
2017 16 Russell Wilson
100%
2018 16 Russell Wilson
100%
2019 16 Russell Wilson
100%
2020 16 Russell Wilson
100%
2021 14 Russell Wilson
100%
2001 12 Matt Hasselbeck
92%
2002 10 Matt Hasselbeck
92%
2003 16 Matt Hasselbeck
92%
2004 14 Matt Hasselbeck
92%
2005 16 Matt Hasselbeck
92%
2006 12 Matt Hasselbeck
92%
2007 16 Matt Hasselbeck
92%
2008 7 Matt Hasselbeck
92%
2009 14 Matt Hasselbeck
92%
2010 14 Matt Hasselbeck
92%
2023 2 Drew Lock
72%
1976 14 Jim Zorn
72%
1977 10 Jim Zorn
72%
1978 16 Jim Zorn
72%
1979 16 Jim Zorn
72%
1980 16 Jim Zorn
72%
1981 13 Jim Zorn
72%
1982 7 Jim Zorn
72%
1983 8 Jim Zorn
72%
1981 3 Dave Krieg
60%
1982 2 Dave Krieg
60%
1983 8 Dave Krieg
60%
1984 16 Dave Krieg
60%
1985 16 Dave Krieg
60%
1986 14 Dave Krieg
60%
1987 12 Dave Krieg
60%
1988 9 Dave Krieg
60%
1989 14 Dave Krieg
60%
1990 16 Dave Krieg
60%
1991 9 Dave Krieg
60%
1997 14 Warren Moon
52%
1998 10 Warren Moon
52%
2011 14 Tavaris Jackson
44%
1993 16 Rick Mirer
36%
1994 13 Rick Mirer
36%
1995 13 Rick Mirer
36%
1996 9 Rick Mirer
36%
2006 4 Seneca Wallace
36%
2008 8 Seneca Wallace
36%
2009 2 Seneca Wallace
36%
2001 4 Trent Dilfer
36%
2002 6 Trent Dilfer
36%
2004 2 Trent Dilfer
36%
1991 1 Dan McGwire
32%
1992 1 Dan McGwire
32%
1994 3 Dan McGwire
32%
1997 1 Jon Kitna
32%
1998 5 Jon Kitna
32%
1999 15 Jon Kitna
32%
2000 12 Jon Kitna
32%
2000 4 Brock Huard
20%
2010 2 Charlie Whitehurst
20%
2011 2 Charlie Whitehurst
20%
1986 2 Gale Gilbert
20%
1987 1 Jeff Kemp
20%
1988 1 Jeff Kemp
20%
1991 5 Jeff Kemp
20%
1988 6 Kelly Stouffer
20%
1989 2 Kelly Stouffer
20%
1991 1 Kelly Stouffer
20%
1992 7 Kelly Stouffer
20%
1992 8 Stan Gelbaugh
20%
1996 1 Stan Gelbaugh
20%
1977 4 Steve Myer
20%
1987 2 Bruce Mathison
16%
2008 1 Charlie Frye
16%
1999 1 Glenn Foley
16%
1995 3 John Friesz
16%
1996 6 John Friesz
16%
1997 1 John Friesz
16%
1998 1 John Friesz
16%
No matching quizzes found
Score Distribution
Percent of People with Each Score
Percentile by Number Answered
Your Score History
You have not taken this quiz since the last reset